ბათუმის შოთა რუსთაველის სახელმწიფო უნივერსიტეტის ბიბლიოთეკა

თანამედროვე ქართული ენის სინტაქსი (ბიბ.ჩანაწერი № 51226)

000 -LEADER
fixed length control field 00975nam a2200253Ia 4500
001 - CONTROL NUMBER
control field 18186
003 - CONTROL NUMBER IDENTIFIER
control field GE_BSU
008 - FIXED-LENGTH DATA ELEMENTS--GENERAL INFORMATION
fixed length control field 181216s||||||||xx |||||||||||||| ||und||
040 ## - CATALOGING SOURCE
Transcribing agency GE_BSU
080 ## - UNIVERSAL DECIMAL CLASSIFICATION NUMBER
Universal Decimal Classification number 811.353.1'367
100 ## - MAIN ENTRY--PERSONAL NAME
Personal name კვაჭაძე, ლეო
245 ## - TITLE STATEMENT
Title თანამედროვე ქართული ენის სინტაქსი
245 ## - TITLE STATEMENT
Remainder of title პედ. ინ-ტების სტუდენტთა სახელმძღვანელო
245 ## - TITLE STATEMENT
Statement of responsibility, etc. რედ. ე. პოლოლიკაშვილი
250 ## - EDITION STATEMENT
Edition statement მეორე შევსებული გამოცემა
260 ## - PUBLICATION, DISTRIBUTION, ETC.
Place of publication, distribution, etc. თბილისი
260 ## - PUBLICATION, DISTRIBUTION, ETC.
Name of publisher, distributor, etc. განათლება
260 ## - PUBLICATION, DISTRIBUTION, ETC.
Date of publication, distribution, etc. 1977
300 ## - PHYSICAL DESCRIPTION
Extent 462გვ. ; 22სმ
653 ## - INDEX TERM--UNCONTROLLED
Uncontrolled term თანამედროვე ქართული ენის სინტაქსი
653 ## - INDEX TERM--UNCONTROLLED
Uncontrolled term ქართული ენა
942 ## - ADDED ENTRY ELEMENTS (KOHA)
Koha item type წიგნი
ეგზემპლარები
Withdrawn status Lost status Damaged status Not for loan Date acquired Barcode Date last seen Price effective from Koha item type
        2018-12-17 46368 2018-12-17 2018-12-17 წიგნი
        2018-12-17 58299 2018-12-17 2018-12-17 წიგნი